=LDR 00000nam 2200000 4500 =001 NUTBA000000000000909 =005 20140404111444.0 =006 =007 =008 =020 ##$$a 979-489-608-x =035 ##$$a 0010-041400000000179 =040 ##$$a Ind =082 ##$$a 639.37 =090 ##$$a 639.37$bHer m =100 ##$$a Herman, S Benny =245 ##$$a Menghasilkan diskus variatif dengan kawin silang$cBenny herman s =250 ##$$a Cet.2 =260 ##$$a Jakarta$bPenebar swadaya$c2002. =300 ##$$a Viii,92 HLm$bIlus$c25 cm. =850 ##$$a NBPNMAT =990 ##$$a 20604679 =990 ##$$a 92774/BPAP-NTB/2014 =990 ##$$a 0001/BPAP-NTB/20142014